Statistics for U.S. State by Tallest Building

Click here to take the quiz!

General Stats

  • This quiz has been taken 47 times
  • The average score is 23 of 50

Answer Stats

HeightBuildingState% Correct
1,776 ftOne World Trade CenterNew York
94%
1,450 ftWillis TowerIllinois
85%
292 ftWest Virginia State CapitolWest Virginia
82%
351 ftAlbuquerque PlazaNew Mexico
79%
429 ftFirst Hawaiian CenterHawaii
79%
242 ftNorth Dakota State CapitolNorth Dakota
76%
508 ftThe Westin Virginia Beach Town CenterVirginia
76%
1,100 ftWilshire Gramd CenterCalifornia
73%
1,002 ftJP Morgan Chase TowerTexas
64%
973 ftComcast CenterPennsylvania
61%
624 ftOne Kansas City PlaceMissouri
61%
124 ftDecker TowersVermont
61%
296 ftConoco-Phillips BuildingAlaska
55%
937 ftColumbia CenterWashington
52%
1,024 ftBank of America PlazaGeorgia
52%
727 ftGM Rennaisance CenterMichigan
52%
642 ftThe PalazzoNevada
52%
174 ftCenturylink TowerSouth Dakota
48%
200 ftWhite HallWyoming
48%
910 ftKey TowerOhio
48%
272 ftFirst Interstate CenterMontana
45%
871 ftBank of America Corporate CenterNorth Carolina
45%
781 ft30 Hudson StreetNew Jersey
42%
546 ftWells Fargo CenterOregon
42%
868 ftPanorama TowerFlorida
39%
792 ftIDS CenterMinnesota
39%
275 ftCity Hall PlazaNew Hampshire
39%
220 ftAgora Grand Event CenterMaine
39%
346 ftBeau RivageMississippi
39%
811 ftSalesforce TowerIndiana
36%
850 ftDevon Energy CenterOklahoma
36%
323 ftEighth & MainIdaho
36%
422 ftWells Fargo CenterUtah
36%
634 ftFirst National Bank TowerNebraska
33%
630 ft801 Grand PlaceIowa
33%
745 ftRSA Battle House TowerAlabama
33%
790 ft200 Clarendon StreetMassachusetts
33%
617 ftAT&T BuildingTennessee
30%
714 ftRepublic PlazaColorado
30%
549 ft400 West MarketKentucky
30%
601 ftU.S. Bank CenterWisconsin
27%
697 ftOne Shell SquareLouisiana
27%
483 ftChase TowerArizona
27%
340 ftRiver Tower At Christina LandingDelaware
27%
537 ftCity Place IConnecticut
24%
528 ftTransamerica TowerMaryland
24%
428 ft111 Westminster StreetRhode Island
24%
385 ftEpic CenterKansas
24%
349 ftCapitol CenterSouth Carolina
24%
547 ftSimmons TowerArkansas
21%

Score Distribution

Percentile by Number Answered

Percent of People with Each Score

Your Score History

You have not taken this quiz